000 01284cam a2200349 4500500
005 20260322001533.0
041 _afre
042 _adc
100 1 0 _aSimonin, Anne
_eauthor
245 0 0 _aLa Commune n’a pas été amnistiée !
260 _c2021.
500 _a10
690 _a.
690 _a)
690 _a) et « oubli » (
690 _aamnêstos
690 _aamnêtia
690 _aAmnistie
690 _aClémence collective
690 _a oubli décrété de la discorde voté par le Parlement.
690 _ae
690 _aGrâce
690 _aInventé par les Grecs au IV
690 _aPardon individuel
690 _a elle relève du chef de l’État et dispense l’accusé de l’exécution de la peine ou la réduit. Mais elle laisse
690 _aRéhabilitation
690 _asiècle av. J.-C.
690 _a le mot mêle les racines des termes « pardon » (
690 _aUne loi ou un juge permet au condamné de retrouver la jouissance et l’exercice des droits que la condamnation lui avait fait per
786 0 _nL'Histoire - Les Collections | 90 | 1 | 2021-01-07 | p. 64-68 | 2727-6945
856 4 1 _uhttps://shs.cairn.info/magazine-hist-l-hisoire-les-collections-2021-1-page-64?lang=fr&redirect-ssocas=7080
999 _c1715630
_d1715630